LA REVOLUCION MEXICANA Y EL MOVIMIENTO OBRERO 1911-1923/

TRADUCCION DE: LABOR AND THE AMBIVALENT

Salvato in:
Dettagli Bibliografici
Autore principale: Ruiz, Ramón Eduardo (autor)
Natura: Libro
Edizione:2a edición
Serie:PROBLEMAS DE MEXICO
Soggetti:
Tags: Aggiungi Tag
Nessun Tag, puoi essere il primo ad aggiungerne!!

MARC

LEADER 00000nam^a2200000^a^4500
001 000224755
005 20250521000000.0
009 20260310104102.088
035 |a 043753 
037 |a Acervo Xavier Clavigero 
082 |a 331. 80972  |b RUI 
100 |a Ruiz, Ramón Eduardo  |e (autor) 
245 1 3 |a LA REVOLUCION MEXICANA Y EL MOVIMIENTO OBRERO 1911-1923/  |c RAMON EDUARDO RUIZ; TR. ROBERTO GOMEZ CIRIZA 
250 |a 2a edición 
264 |a MEXICO :  |b ERA,  |c 1981 
300 |a 155p. 
336 |a texto  |b txt  |2 rdacontenido 
337 |a sin mediación  |b n  |2 rdamedio 
338 |a volumen  |b nc  |2 rdasoporte 
440 |a PROBLEMAS DE MEXICO 
520 |a TRADUCCION DE: LABOR AND THE AMBIVALENT 
520 |a INCLUYE BIBLIOGRAFIA 
649 |a XX 
650 |a SINDICATOS -  |x MEXICO -  |x ACTIVIDAD POLITICA 
650 |a México -  |x Historia -  |y Revolución, 1910-1917 
910 |a Fondo General 
920 |a Impresos - Libros 
930 |a Colección General 
905 |a 101 
901 |a 043753  |b IT1  |c ACC  |i 043753  |u 20250521 
902 |a https://opac.biblio.iteso.mx/vufind/Record/000224755